獣医師養成課程を置く大学 - Statistics

General Stats
  • This quiz has been taken 5 times
  • The average score is 14 of 17
Answer Stats
国公私立の区分 Answer % Correct
国立 北海道大学
100%
帯広畜産大学
100%
岩手大学
100%
東京大学
100%
東京農工大学
100%
鳥取大学
100%
山口大学
100%
宮崎大学
100%
鹿児島大学
100%
岐阜大学
80%
公立 大阪公立大学
80%
日本獣医生命科学大学
80%
岡山理科大学
80%
私立 酪農学園大学
60%
日本大学
60%
麻布大学
20%
北里大学
20%
No matching quizzes found
Score Distribution
Percent of People with Each Score
Percentile by Number Answered
Your Score History
You have not taken this quiz